| 000 | 00673cam a2200241 a 4500 | ||
|---|---|---|---|
| 008 | |||
| 020 | _a0471553913 (hbk.) | ||
| 049 | _aMAIN | ||
| 090 | _aTS191.8 | ||
| 100 | 1 | _aAsfahl, C. Ray. | |
| 245 | 1 | 0 |
_aRobots and manufacturing automation / _cC. Ray Asfahl. |
| 250 | _a2nd ed. | ||
| 260 |
_aNew York : _bWiley, _cc1992. |
||
| 300 |
_axx, 487 p. : _bill. ; _c26 cm. |
||
| 500 | _aIncludes index. | ||
| 504 | _aIncludes bibliographical references. | ||
| 650 | 0 |
_aRobots _xIndustrial. |
|
| 907 |
_a.b10002388 _b02-09-05 _c17-04-03 |
||
| 003 | |||
| 005 | 20230123133446.0 | ||
| 040 | _cNUST | ||
| 942 |
_cBOOKS _kTS191.8 |
||
| 999 |
_c148956 _d148956 |
||